Statistics for World War 2 - Aircraft carriers sunk

Click here to take the quiz!

General Stats

  • This quiz has been taken 70 times
  • The average score is 16 of 40

Answer Stats

questionShip% Correct
Crippled by Japanese aircraft during the Battle of Midway and later torpedoed and sunk by I-168, June 1942.Yorktown
89%
Sunk at the Battle of the Coral Sea, May 1942.Lexington
87%
Carriers sunk at the Battle of Midway, June 1942.Akagi
85%
Crippled by Japanese aircraft and later sunk by Japanese destroyers, October 1942.Hornet
85%
Hiryū
79%
Torpedoed by U-81, November 1941.Ark Royal
77%
Kaga
77%
Sōryū
77%
Torpedoed by I-19, September 1942.Wasp
74%
Shōkaku
70%
Zuikaku
66%
Sunk by Japanese aircraft, April 1942.Hermes
53%
Sunk at the Battle of the Coral Sea, May 1942.Shōhō
49%
Sunk by gunfire from Scharnhorst and Gneisenau, June 1940.Glorious
47%
Torpedoed by U-29, September 1939.Courageous
45%
Crippled by Japanese aircraft and later sunk by her escorts, February 1942.Langley
43%
Sunk at the Battle of the Eastern Solomons, August 1942.Ryūjō
43%
Torpedoed by USS Archerfish, November 1944.Shinano
43%
Taihō
43%
Torpedoed by U-73, August 1942.Eagle
36%
Zuihō
36%
Carriers sunk at the Battle of Leyte Gulf, October 1944.Chitose
32%
Sunk whilst moored at Kure Harbour, July 1945.Amagi
30%
Carriers sunk at the Battle of the Philippine Sea, June 1944.Hiyō
30%
Chiyoda
26%
Carriers sunk during the Battle off Samar, October 1944.Gambier Bay
26%
Torpedoed by USS Redfish, December 1944.Unryū
26%
Sunk during the Battle of Leyte Gulf, October 1944.Princeton
21%
Torpedoed by USS Barb, September 1944.Unyō
19%
Sunk by Kamikaze aircraft, February 1945.Bismarck Sea
17%
Torpedoed by I-175, November 1943.Liscome Bay
17%
Torpedoed by U-751, December 1941Audacity
15%
Saint Lo
15%
Torpedoed by USS Spadefish, November 1944.Shinyo
13%
Torpedoed by U-151, November 1942.Avenger
11%
Torpedoed by U-549, May 1944.Block Island
11%
Torpedoed by USS Sailfish, December 1943.Chuyo
11%
Crippled by kamikaze aircraft and later sunk by an escort, January 1945.Ommaney Bay
11%
Sunk by internal explosion of unknown cause, March 1943.Dasher
6%
Torpedoed by USS Queenfish, November 1944.Akitsu Maru
2%

Score Distribution

Percentile by Number Answered

Percent of People with Each Score

Your Score History

You have not taken this quiz